Normal view
MARC view
- Laud, B B
Entry Personal Name
001 - CONTROL NUMBER
- control field: 6664
003 - CONTROL NUMBER IDENTIFIER
- control field: OSt
005 - DATE AND TIME OF LATEST TRANSACTION
- control field: 20241231154403.0
008 - FIXED-LENGTH DATA ELEMENTS
- fixed length control field: 241231|| aca||aabn | a|a d
040 ## - CATALOGING SOURCE
- Original cataloging agency: OSt
- Transcribing agency: OSt
100 ## - HEADING--PERSONAL NAME
- Personal name: Laud, B B
670 ## - SOURCE DATA FOUND
- Source citation: Work cat.: (OSt)8911: Laud, B B ., Lasers and non-linear optics / , 1996.
